<?xml version="1.0" encoding="UTF-8"?><?xml-stylesheet type="text/xsl" href="static/style.xsl"?><OAI-PMH xmlns="http://www.openarchives.org/OAI/2.0/" xmlns:xsi="http://www.w3.org/2001/XMLSchema-instance" xsi:schemaLocation="http://www.openarchives.org/OAI/2.0/ http://www.openarchives.org/OAI/2.0/OAI-PMH.xsd"><responseDate>2026-06-01T17:45:04Z</responseDate><request verb="GetRecord" identifier="oai:riuma.uma.es:10630/32964" metadataPrefix="marc">https://riuma.uma.es/rest/oai/request</request><GetRecord><record><header><identifier>oai:riuma.uma.es:10630/32964</identifier><datestamp>2026-02-03T10:49:29Z</datestamp><setSpec>com_10630_2254</setSpec><setSpec>col_10630_37953</setSpec></header><metadata><record xmlns="http://www.loc.gov/MARC21/slim" xmlns:dcterms="http://purl.org/dc/terms/" xmlns:doc="http://www.lyncode.com/xoai" xmlns:xsi="http://www.w3.org/2001/XMLSchema-instance" xsi:schemaLocation="http://www.loc.gov/MARC21/slim http://www.loc.gov/standards/marcxml/schema/MARC21slim.xsd">
   <leader>00925njm 22002777a 4500</leader>
   <datafield ind2=" " ind1=" " tag="042">
      <subfield code="a">dc</subfield>
   </datafield>
   <datafield ind2=" " ind1=" " tag="720">
      <subfield code="a">Atienza Márquez, Antonio</subfield>
      <subfield code="e">author</subfield>
   </datafield>
   <datafield ind2=" " ind1=" " tag="720">
      <subfield code="a">Bruno, Joan Carles</subfield>
      <subfield code="e">author</subfield>
   </datafield>
   <datafield ind2=" " ind1=" " tag="720">
      <subfield code="a">Coronas, Alberto</subfield>
      <subfield code="e">author</subfield>
   </datafield>
   <datafield ind2=" " ind1=" " tag="260">
      <subfield code="c">2021</subfield>
   </datafield>
   <datafield ind2=" " ind1=" " tag="520">
      <subfield code="a">The regasification of liquefied natural gas releases low-temperature thermal energy, which is usually wasted. Most initiatives to recover this cold mainly focus on large-scale harbour terminals rather than on small-scale applications in satellite facilities. This paper proposes a new system configuration that can be used to exploit liquefied natural gas cold as a by-product of regasification in satellite plants supplying sub-zero refrigeration in agro-food industries. Cold is applied indirectly to lower the condensation temperature of the vapour-compression chillers which handle the thermal load of cold rooms. The system seeks to boost efficiency, an effect that would be more marked in warm climates. Performance is best when the peak refrigeration load matches the maximum cold thermal energy available from the regasification site. When this is the case, the annual electricity saving is 9–22% more than when a conventional refrigeration system is used with wet cooling towers and with no liquefied natural gas cold recovery. The economic potential of the system is assessed with a Monte Carlo analysis. The cost of producing refrigeration throughout the system’s lifetime can be reduced by 5–15% with respect to the conventional reference system in warm/temperate locations and for large/medium plant sizes. However, the system is no so competitive in economic terms for cold locations and small-size plants.</subfield>
   </datafield>
   <datafield ind1="8" ind2=" " tag="024">
      <subfield code="a">A. Atienza-Márquez, J.C. Bruno, A. Coronas. Regasification of liquefied natural gas in satellite terminals: techno-economic potential of cold recovery for boosting the efficiency of refrigerated facilities Energy Convers Manag, 248 (2021), 114783</subfield>
   </datafield>
   <datafield ind1="8" ind2=" " tag="024">
      <subfield code="a">https://hdl.handle.net/10630/32964</subfield>
   </datafield>
   <datafield ind1="8" ind2=" " tag="024">
      <subfield code="a">10.1016/j.enconman.2021.114783</subfield>
   </datafield>
   <datafield tag="653" ind2=" " ind1=" ">
      <subfield code="a">Gas natural licuado</subfield>
   </datafield>
   <datafield ind2="0" ind1="0" tag="245">
      <subfield code="a">Regasification of liquefied natural gas in satellite terminals: Techno-economic potential of cold recovery for boosting the efficiency of refrigerated facilities</subfield>
   </datafield>
</record>
</metadata></record></GetRecord></OAI-PMH>